| 000 | 02294nam0a2200385 4500 | ||
|---|---|---|---|
| 001 | RU\NLR\BIBL_A\022475910 | ||
| 005 | 20250519150714.0 | ||
| 010 |
_a978-5-394-06142-4 _9500 |
||
| 021 |
_aRU _bКН-П-24-086249 _9КН-П-24-8573 |
||
| 035 | _a(NLR Aleph) 022475910 | ||
| 090 |
_a13372189 _c13372189 |
||
| 100 | _a20250303d2024 k y0rusy50 ca | ||
| 101 | 0 | _arus | |
| 102 | _aRU | ||
| 105 | _aab z 010yy | ||
| 181 | 0 |
_ai3 _baxxe |
|
| 182 | 0 | _an | |
| 200 | 1 |
_aАэрокосмический и почвенно-экологический мониторинг педосферы Земли (на примере Российской Федерации и некоторых сопредельных территорий) _eмонография _fП. Н. Балабко, Т. И. Хуснетдинова, Л. Б. Метечко, А. Е. Сорокин _gМосковский государственный университет имени М. В. Ломоносова, Московский авиационный институт (Национальный исследовательский университет) |
|
| 203 |
_aТекст _bвизуальный _cнепосредственный |
||
| 210 |
_aМосква _cДашков и K° _d2024 |
||
| 215 |
_a275 с. _cил., цв. ил., табл., карты _d22 |
||
| 225 | 1 | _aНаучные издания | |
| 300 | _aНа тит. с.: К 270-летию МГУ им. М. В. Ломоносова | ||
| 320 | _aБиблиогр.: с. 253-275 (214 назв.) и в подстроч. примеч. | ||
| 606 | 1 |
_aПочвенный покров _xЭкологические исследования _xАэрокосмические методы _92667348 _3RU\NLR\AUTH\6601755375 |
|
| 686 | 1 | _aП031.0в93 | |
| 686 | 1 | _aП035в93 | |
| 701 | 1 |
_aБалабко _bП. Н. _gПетр Николаевич |
|
| 701 | 1 |
_aХуснетдинова _bТ. И. _gТамара Ивановна |
|
| 701 | 1 |
_aМетечко _bЛ. Б. _gЛюдмила Борисовна |
|
| 701 | 1 |
_7ca _8rus _aСорокин _bА. Е. _cканд. экон. наук, экология _gАндрей Евгениевич _9171538 _3RU\NLR\AUTH\770171588 |
|
| 942 | _cBOOK | ||
| 980 | _aNB | ||